Records dans le Tournois des Six Nations. - Statistiques

Statistiques générales
  • Ce quiz a été pris 446 fois
    18 depuis la dernière actualisation
  • Le résultat moyen est 11 sur 15
Statistiques - réponses
Records Nationalité(s) Nombres Joueurs/nation % Correct
Victoires (nation) 8 France
100%
Grands Chelems (nations) 4 Pays de Galles
94%
France
94%
Essais en un tournoi (nation) 30 (2025, 2026) France
94%
Matchs victorieux (nations) 93 Irlande
94%
Points en un tournoi (nation) 229 (2001) Angleterre
94%
(2020, 2022, 2023) 3 Antoine Dupont
81%
Points en un tournoi (2001) 89 Jonny Wilkinson
81%
Essais en un tournoi (2026) 9 Louis Bielle-Biarrey
81%
Points dans le tournoi (2010-2023) 566 Jonathan Sexton
69%
Grands Chelems remportés (2008, 2012, 2019) 3 Alun Wyn Jones
38%
Essais dans le tournoi (2000-2014) 26 Brian O'Driscoll
38%
Matchs joués dans le tournoi (2004-...) 69 Sergio Parisse
38%
Titres de meilleur joueur (2006, 2007, 2009) 3 Brian O'Driscoll
31%
Plaquages en un match (2026) 32 Alex Mann
25%
Aucun quiz correspondant
Distribution des résultats
% des personnes avec chaque résultat
Percentile par nombre de réponses
Votre historique - résultats
Vous n’avez pas pris ce quiz depuis la dernière actualisation